[Event "Grand Prix Jerusalem 2019"]
[Site "Jerusalem"]
[Date "2019.12.15"]
[Round "2.2"]
[White "Wei, Yi"]
[Black "Karjakin, Sergey"]
[Result "1/2-1/2"]
[WhiteElo "2725"]
[BlackElo "2754"]
[Annotator "TA"]
[PlyCount "79"]
[EventDate "2019.12.11"]
[EventType "k.o."]
[EventCountry "ISR"]
[SourceTitle "playchess.com"]
[Source "ChessBase"]
[SourceQuality "1"]

{[%evp 15,79,-8,6,-8,0,-3,-8,0,-6,-2,43,43,53,54,50,58,59,35,51,51,52,46,43,43,48,46,41,44,41,62,53,53,60,59,62,20,29,28,37,37,56,9,20,14,11,13,23,0,0,0,0,0,6,0,0,0,0,0,0,0,0,0,0,0,0,0]} 1. d4 Nf6 2. c4 e6 3. Nc3 Bb4 4. Nf3 O-O 5. e3 d5 6. Bd2 b6 7. cxd5 exd5 8. Bd3 Bb7 9. Ne5 {E52: Nimzo-Indian: Rubinstein: 4...0-0 5 Nf3 d5 6 Bd3 b6} Bd6 10. O-O c5 11. Rc1 Nc6 12. Ng4 Nd7 $146 {[#]} ({Predecessor:} 12... Nxg4 13. Qxg4 c4 14. Bb1 Ne7 15. Nb5 f5 16. Qe2 a6 17. Nxd6 Qxd6 18. f3 b5 19. Be1 Ng6 20. Ba5 Ne7 21. Be1 Ng6 22. Ba5 Ne7 23. Be1 {½-½ (23) Nakamura,H (2743)-Giri,A (2779) Saint Louis 2019}) 13. Nh6+ $1 {[%mdl 512]} gxh6 14. Qg4+ Kh8 {[#] Hoping for ...Rg8.} 15. Qf5 $1 {[%csl Gd3][%cal Rf5h7][%mdl 512]} Nf6 {And now ...Bc8 would win.} 16. Nxd5 Nxd4 $1 ({Reject} 16... Ba6 $6 17. Bb1 $16 (17. Bxa6 Nxd5 18. Bd3 Nf6 $16)) 17. Qxf6+ Qxf6 18. Nxf6 Nf3+ ({Not} 18... Rg8 $2 19. f3 $18) 19. gxf3 {aiming for Bc3.} Rg8+ $1 20. Ng4 Be5 $1 21. Be2 Bxb2 22. Rxc5 bxc5 23. Rb1 Bg7 {Threatens to win with ...Bc8.} 24. Rxb7 h5 25. Rxf7 hxg4 26. fxg4 Rgf8 27. Rxf8+ Rxf8 $14 {[%mdl 4096] Endgame KRB-KB} 28. Kf1 Rb8 29. Bc4 Rb1+ 30. Ke2 $1 Rh1 31. Bd5 Rxh2 {The position is equal.} 32. g5 Rh5 33. e4 Bd4 34. Bf4 {Strongly threatening e5.} Kg7 35. e5 {e6 is the strong threat.} Kf8 36. Bf3 Rh4 37. Bg3 Rh3 38. Bg2 Rxg3 39. fxg3 Bxe5 40. Be4 {Accuracy: White = 75%, Black = 91%.} 1/2-1/2

[Event "Grand Prix Jerusalem 2019"]
[Site "Jerusalem"]
[Date "2019.12.15"]
[Round "2.2"]
[White "Andreikin, Dmitry"]
[Black "Vachier-Lagrave, Maxime"]
[Result "1/2-1/2"]
[WhiteElo "2724"]
[BlackElo "2780"]
[Annotator "TA"]
[PlyCount "47"]
[EventDate "2019.12.11"]
[EventType "k.o."]
[EventCountry "ISR"]
[SourceTitle "playchess.com"]
[Source "ChessBase"]
[SourceQuality "1"]

{[%evp 21,47,0,4,0,13,0,0,0,9,2,3,0,0,0,0,0,0,0,0,0,0,0,0,0,0,0,0,0]} 1. Nf3 Nf6 2. c4 c5 3. Nc3 d5 4. cxd5 Nxd5 5. e4 Nb4 6. Bb5+ N8c6 7. d4 cxd4 8. a3 dxc3 9. Qxd8+ Kxd8 10. axb4 cxb2 11. Bxb2 e6 {The position is equal.} 12. O-O {A34: Symmetrical English: 2 Nc3, lines with ...d5} Bd7 13. Bxc6 (13. Rfd1 {keeps more tension.} Ke8 14. Rd3 a6 15. Ba4 Bxb4 16. Rad1) 13... Bxc6 14. Ne5 Ke8 15. Nxc6 bxc6 16. Ra4 (16. Ra6 Bxb4 17. Bxg7 Rg8 18. Bf6 Kd7 19. Rfa1 Bc5 {½-½ (31) Liu,Y (2516)-Xu,X (2588) Daqing 2018}) 16... f6 17. Rfa1 Be7 $146 ({Predecessor:} 17... Kf7 18. Rxa7+ Rxa7 19. Rxa7+ {½-½ (20) Gajarsky,J (2285)-Fenes,L (2398) Slovakia 2003}) 18. Rxa7 Rxa7 19. Rxa7 $11 {KRB-KRB} Kf7 20. Kf1 Rb8 21. Bc3 Kf8 22. Rc7 Bxb4 23. Rxc6 Bxc3 24. Rxc3 1/2-1/2

[Event "Grand Prix Jerusalem 2019"]
[Site "Jerusalem"]
[Date "2019.12.15"]
[Round "2.2"]
[White "Navara, David"]
[Black "Jakovenko, Dmitry"]
[Result "1-0"]
[WhiteElo "2707"]
[BlackElo "2698"]
[Annotator "TA"]
[PlyCount "73"]
[EventDate "2019.12.11"]
[EventType "k.o."]
[EventCountry "ISR"]
[SourceTitle "playchess.com"]
[Source "ChessBase"]
[SourceQuality "1"]

{[%evp 21,73,42,51,47,45,45,48,53,49,47,39,25,31,30,79,74,68,70,68,41,83,72,106,114,113,113,101,110,175,175,175,164,193,199,190,190,191,193,317,309,324,325,360,350,460,448,592,601,602,610,592,582,558,399]} 1. c4 c5 2. Nf3 Nf6 3. Nc3 Nc6 4. d4 cxd4 5. Nxd4 g6 6. e4 Nxd4 7. Qxd4 d6 8. Be3 Bg7 9. f3 O-O 10. Qd2 Be6 11. Rc1 Qa5 12. b3 {B36: Sicilian: Maroczy Bind: Gurgenidze System} Rfc8 13. g4 (13. Bd3 a6 14. Na4 Qxd2+ 15. Kxd2 Nd7 16. Nc3 b5 17. Nd5 Bxd5 18. cxd5 b4 19. Rxc8+ Rxc8 {½-½ (60) So,W (2762)-Guseinov,G (2664) chess.com INT 2019}) 13... a6 14. Na4 {White is slightly better.} Qxd2+ 15. Kxd2 Nd7 16. Rg1 Rc6 $146 ({Predecessor:} 16... Rf8 17. Nc3 Kh8 18. Nd5 Bxd5 19. cxd5 Rac8 {1-0 (40) Nguyen,P (2427)-Karacsonyi,G (2250) Budapest 2019}) 17. Be2 Kh8 18. f4 {Hoping for f5.} Nc5 19. Nxc5 dxc5 20. Bf3 Rc7 21. Ke2 b5 22. e5 Rac8 23. Bd5 Bxd5 24. cxd5 g5 {[#]} (24... c4 $16) 25. d6 $1 $18 {[%cal Rd6c7]} exd6 26. exd6 Rd7 27. Bxc5 (27. fxg5 Rxd6 28. Rxc5 (28. Bxc5 Re8+ 29. Kf1 Rd5 $11) 28... Re8 $11) (27. Rxc5 $6 Re8 $14) 27... gxf4 28. Kf3 Kg8 29. Bb4 ({Weaker is} 29. Kxf4 Bb2 $11) 29... Rcd8 (29... Rxc1 $142 30. Rxc1 Be5) 30. Rge1 (30. Kxf4 Bf8 $14) 30... Bf8 31. Rc7 f6 32. Rd1 ({Less strong is} 32. Kxf4 Rxd6 33. Bc5 Bh6+ 34. Kf5 Rd5+ 35. Kxf6 Bg5+ 36. Ke6 Bf4 $14) 32... Kf7 33. Kxf4 {White is clearly winning.} Rxc7 34. dxc7 {[%mdl 64] [#] Discovered Attack} Rxd1 35. c8=Q {[%mdl 64] Double Attack} Bxb4 36. Qxa6 Bd6+ 37. Ke4 {Accuracy: White = 78%, Black = 36%.} 1-0

[Event "Grand Prix Jerusalem 2019"]
[Site "Jerusalem"]
[Date "2019.12.16"]
[Round "2.3"]
[White "So, Wesley"]
[Black "Nepomniachtchi, Ian"]
[Result "1/2-1/2"]
[WhiteElo "2760"]
[BlackElo "2767"]
[Annotator "TA"]
[PlyCount "89"]
[EventDate "2019.12.11"]
[EventType "k.o."]
[EventCountry "ISR"]
[SourceTitle "playchess.com"]
[Source "ChessBase"]
[SourceQuality "1"]

{[%evp 12,89,13,4,12,5,25,4,14,12,15,10,17,20,26,6,8,20,22,24,20,9,18,19,37,20,14,12,12,12,42,46,47,39,38,37,78,71,71,71,92,70,70,45,46,46,46,51,45,29,24,29,47,35,48,26,57,29,25,15,29,29,44,40,50,32,50,27,27,29,66,21,52,20,35,0,0,0,7,8]} 1. Nf3 c5 2. c4 Nc6 3. d4 cxd4 4. Nxd4 Nf6 5. Nc3 e6 6. a3 Be7 7. e4 O-O {A33: Symmetrical English: 2 Nf3 Nf6 3 d4 cxd4 4 Nxd4 e6 5 Nc3 Nc6} 8. Nf3 Qa5 {next ...Nxe4 is good for Black.} 9. Bd2 Qh5 10. Be2 d5 11. exd5 ({Predecessor:} 11. cxd5 exd5 {½-½ (26) Voigt,D (2136)-Dewald,H (1937) ICCF email 2014}) 11... exd5 12. cxd5 Nxd5 13. Nd4 Qh4 $146 (13... Qe5 14. Nxc6 bxc6 15. O-O {½-½ (47) So,W (2780)-Vachier Lagrave,M (2779) Saint Louis 2018}) 14. Nxc6 bxc6 15. O-O Be6 16. Bf3 Rab8 17. g3 Qc4 18. Rc1 $36 {[%mdl 2048] White is pushing.} Qb3 19. Nxd5 cxd5 20. Bc3 Rfd8 21. Be5 Qxd1 22. Rfxd1 Rb3 23. Kg2 Bf6 24. Bxf6 gxf6 25. Rd2 Rdb8 26. Bxd5 Rxb2 27. Rd3 Rd8 28. Rcd1 $1 Rd6 29. Bxe6 Rxe6 $14 {[%mdl 4096] Endgame KRR-KRR} 30. Rd8+ Kg7 31. R1d4 Rb5 32. Rg4+ Rg5 33. Ra4 Re2 34. Rd3 a5 $1 35. Rf3 Re6 36. h4 Rge5 37. Rg4+ Kf8 38. Rc4 Kg7 39. Rc7 Re4 40. Rd3 {[#] Strongly threatening Rdd7.} Re8 41. Rcd7 Ra4 42. R7d4 Re4 43. Rxe4 Rxe4 44. Kf3 f5 45. Rd5 {Accuracy: White = 64%, Black = 52%.} 1/2-1/2

[Event "Grand Prix Jerusalem 2019"]
[Site "Jerusalem"]
[Date "2019.12.16"]
[Round "2.3"]
[White "Wei, Yi"]
[Black "Karjakin, Sergey"]
[Result "1-0"]
[WhiteElo "2725"]
[BlackElo "2754"]
[Annotator "TA"]
[PlyCount "75"]
[EventDate "2019.12.11"]
[EventType "k.o."]
[EventCountry "ISR"]
[SourceTitle "playchess.com"]
[Source "ChessBase"]
[SourceQuality "1"]

{[%evp 9,75,-32,-25,-27,-12,-35,-8,-12,-22,-7,8,-37,15,0,31,-31,-29,-37,-44,-133,-124,-127,-70,-94,-89,-84,-84,-89,-74,-103,-8,0,-16,-54,0,-44,0,0,86,73,160,154,161,142,199,204,267,268,278,273,296,300,301,299,306,306,282,295,291,296,318,283,247,0,332,329,562,553]} 1. e4 e5 2. d4 exd4 3. Qxd4 Nc6 4. Qc4 (4. Qe3 Nf6 5. Bd2 Be7 6. Nc3 d5 7. Nxd5 Nxd5 8. exd5 Qxd5 9. Ne2 O-O 10. Nf4 Qc5 11. O-O-O Bf5 12. Qxc5 Bxc5 13. Bd3 Bxd3 14. Nxd3 Bb6 15. Rhe1 Rfe8 16. c3 Kf8 {½-½ (60) Artemiev,V (2704)-Fedoseev,V (2706) Poikovsky 2018}) 4... Nf6 5. Nc3 Bb4 6. Bd2 {C22: Centre Game} O-O 7. O-O-O d6 8. f3 {The position is equal.} (8. a3 $5 {[%cal Ra3b4]} Bc5 9. f3 $15) 8... Re8 9. Qe2 $146 ({Predecessor:} 9. Kb1 Be6 10. Qd3 a6 11. g4 d5 {0-1 (33) Miller,B-Karkanaque,I (2375) Bled 2002}) 9... Be6 10. Qf2 (10. a3 $5 {[%cal Ra3b4]} Bc5 11. Nh3 $11) 10... a5 (10... Ne5 $15) 11. Nge2 $11 Qe7 12. Nf4 (12. g4 $14) 12... Bxc3 $15 13. Bxc3 Nb4 $1 $36 {[%cal Rb4a2][%mdl 2048] Black has good play.} 14. a3 (14. Bd4 $1 $15) 14... Na2+ $17 15. Kd2 d5 (15... Nxc3 $17 16. Kxc3 Rad8) 16. Bxf6 Qxf6 {[%mdl 64] [#] Double Attack} 17. Nd3 dxe4 18. fxe4 {Black must now prevent Qxf6.} Qg6 19. Be2 b5 (19... Qxe4 $17 20. Bf3 Qa4) 20. Qg3 $1 $11 Qf6 21. Qe5 {Qxf6 is the strong threat.} Qe7 ({Black should play} 21... Qd8 $15) 22. Qxb5 Rab8 23. Qc5 {Threatens to win with Qxe7.} Qh4 (23... Qd7 $1 $11) 24. Bf3 $16 g6 (24... c6 $142) 25. g3 ({Much worse is} 25. Qxa5 $6 f5 $11) (25. Qxc7 $6 Rec8 $11) 25... Qh6+ 26. Ke2 Qg7 (26... Bf5 $16 {was called for.}) 27. Kf2 $18 ({Worse is} 27. Qxa5 Qd4 $11) 27... Rxb2 28. Nxb2 Qxb2 29. Rb1 ({Weaker is} 29. Qxc7 Nc3 $16) 29... Qc3 30. Qxc3 Nxc3 31. Rb7 c5 32. Re1 Rd8 33. Ke3 Rd4 34. Ra1 Kg7 35. Ra7 Ra4 36. Rb7 Rd4 37. Rb6 Rc4 $2 {[#]} (37... Bd7 38. Rb7 Be6) 38. Rxe6 $1 {[%mdl 512] Accuracy: White = 69%, Black = 28%.} 1-0

[Event "Grand Prix Jerusalem 2019"]
[Site "Jerusalem"]
[Date "2019.12.16"]
[Round "2.3"]
[White "Andreikin, Dmitry"]
[Black "Vachier-Lagrave, Maxime"]
[Result "0-1"]
[WhiteElo "2724"]
[BlackElo "2780"]
[Annotator "TA"]
[PlyCount "48"]
[EventDate "2019.12.11"]
[EventType "k.o."]
[EventCountry "ISR"]
[SourceTitle "playchess.com"]
[Source "ChessBase"]
[SourceQuality "1"]

{[%evp 9,72,3,12,16,18,8,27,22,22,19,42,0,0,0,0,0,18,0,14,11,31,0,95,91,123,113,157,12,57,51,0,-52,-58,-62,-64,-60,-59,-66,-12,-249,-225,-239,-225,-238,-243,-220,-189,-204,-197,-399,-333,-261,-272,-1265,-1232,-29975,-29979,-29979,-29980,-29980,-29981,-29977,-1189,-29987,-29988]} 1. e4 c5 2. Nc3 d6 3. Nge2 Nf6 4. h3 (4. g3 g6 5. Bg2 Nc6 6. d3 Bg7 7. h3 O-O 8. Be3 Rb8 9. f4 Ne8 10. a4 Nd4 11. O-O Nc7 12. g4 a6 13. Rb1 Bd7 14. Ng3 b5 15. axb5 axb5 16. Nce2 b4 17. f5 {0-1 (41) Fedoseev,V (2724)-Giri,A (2783) Wijk aan Zee 2019}) 4... e5 5. d3 Nc6 $146 ({Predecessor:} 5... Be6 6. Ng3 g6 7. Be3 Nc6 8. Qd2 d5 9. Be2 Be7 10. a3 a6 11. h4 c4 {0-1 (11) Gomez,J-Siebenlist,D Villaguay 2016}) 6. g4 {B23: Closed Sicilian: Lines without g3} Be7 7. Bg2 h5 8. g5 {White has an edge.} Nh7 9. h4 f6 {[%cal Rf6g5]} 10. Nd5 (10. g6 $5 {[%cal Rg6h7]} Nf8 11. Bf3 $11) 10... fxg5 11. hxg5 Nxg5 12. Nec3 (12. Ng3 $5 {[%cal Rh1h5]} g6 13. c3 $17) 12... g6 13. Nxe7 Qxe7 14. Nd5 Qd8 15. f4 Nf7 (15... exf4 $11 {keeps the balance.} 16. Bxf4 h4) 16. f5 $1 $16 {[%cal Rf5g6]} gxf5 17. exf5 (17. Rxh5 Rg8 $15) 17... Nd4 18. Be3 ({Better is} 18. Rxh5 $16 Rg8 19. Qd2) 18... Bxf5 19. Bxd4 Bg4 $36 {[%mdl 2048] Black is more active.} (19... cxd4 $14 20. Rxh5 Rxh5 21. Qxh5 Be6) 20. Bf3 (20. Qd2 $11 cxd4 21. O-O) 20... cxd4 $15 21. c4 dxc3 $1 22. bxc3 Qa5 $1 {Strongly threatening ...Ng5.} 23. Rb1 Ng5 (23... Qxa2 $2 24. Rxb7 Kd8 25. Rxf7 $18) (23... e4 $15 24. Bxg4 Qxd5 25. Rxh5 Rxh5 26. Bxh5 O-O-O) 24. Nf6+ $2 (24. Bxg4 $11 {and White stays safe.} Qxd5 25. Qa4+ Kf7 26. Qd7+ Kg8 27. Rg1 Qxd3 28. Be6+ Kf8 29. Rxg5 Qxb1+ 30. Kd2 Qb2+ 31. Kd1 Qb1+ 32. Kd2 Qb2+ 33. Kd3 e4+ {[%mdl 64] Decoy} 34. Kxe4 Qc2+ 35. Kd4 Qd2+ 36. Kc4 Qxa2+ 37. Kd3 Qb1+ 38. Kc4 d5+ 39. Bxd5 Qf1+ 40. Kb3 Qb1+ 41. Kc4 Qa2+ 42. Kd3 Qb1+ 43. Kd4 Qb6+ 44. Kc4 Qa6+ 45. Kb4 Qb6+ 46. Ka3 Qa6+ 47. Kb2 Qb6+ 48. Bb3 Qf2+ 49. Ka3) 24... Ke7 {Played: Ke8-f7} 0-1

[Event "Grand Prix Jerusalem 2019"]
[Site "Jerusalem"]
[Date "2019.12.16"]
[Round "2.4"]
[White "Vachier-Lagrave, Maxime"]
[Black "Andreikin, Dmitry"]
[Result "1/2-1/2"]
[WhiteElo "2780"]
[BlackElo "2724"]
[Annotator "TA"]
[PlyCount "113"]
[EventDate "2019.12.11"]
[EventType "k.o."]
[EventCountry "ISR"]
[SourceTitle "playchess.com"]
[Source "ChessBase"]
[SourceQuality "1"]

{[%evp 10,113,52,43,56,56,47,54,64,46,63,42,67,43,52,57,80,12,29,10,13,16,12,0,0,-11,10,-2,-3,-10,0,0,0,0,39,9,48,46,96,101,186,176,197,175,129,4,139,124,373,354,410,401,408,371,399,428,428,417,401,331,349,290,273,283,284,281,255,286,465,433,413,279,271,271,271,270,271,271,266,180,180,180,189,109,102,91,90,90,84,0,114,0,154,140,4132,4132,4132,46,56,0,551,496,29966,29970,29969,29970]} 1. e4 g6 2. d4 Bg7 3. Nc3 c6 4. Nf3 d6 5. a4 Bg4 6. Be2 d5 {B06: Modern Defence} 7. O-O (7. exd5 cxd5 8. Ne5 Bxe2 9. Qxe2 a6 10. Qf3 Nf6 11. O-O Nc6 12. Rd1 O-O 13. Bg5 Qd6 14. Bxf6 Bxf6 15. Qxd5 Bxe5 16. dxe5 Qxe5 17. Qxe5 Nxe5 {½-½ (37) Nisipeanu,L (2683)-Andreikin,D (2712) Dortmund 2017}) 7... Nf6 8. e5 Nfd7 $1 {White is slightly better.} 9. Ng5 Bxe2 10. Nxe2 $146 ({Predecessor:} 10. Qxe2 e6 11. Qg4 Qe7 12. b3 Na6 13. Ba3 Nb4 14. a5 {0-1 (41) Martin Del Campo C,R (2425)-Ivanov,A (2545) Linares 1992}) 10... e6 11. c3 c5 12. Nf4 Qe7 ({Wrong is} 12... Qxg5 $2 13. Nxe6 $1 {[%mdl 512]} Qe7 14. Nxg7+ Kf8 15. Bh6 $18) 13. Nf3 (13. Qb3 $1 $16) 13... Nc6 $11 14. b3 O-O 15. Nd3 Rfc8 16. Ba3 {[%cal Rd3c5]} Qd8 17. Re1 b6 18. b4 {[%cal Rb4c5]} Bf8 19. Qd2 Rc7 20. h4 $36 {[%mdl 2048] White fights for an advantage.} Rac8 21. h5 cxd4 22. cxd4 Ne7 23. hxg6 hxg6 24. g4 Rc2 (24... Rc4 $16) 25. Qf4 $18 Bg7 26. Ng5 Qe8 27. Re3 (27. b5 $16) 27... R8c4 (27... Nc6 $1 $11 {remains equal.}) 28. Nb2 Rxb2 $2 (28... R4c3 $16 {was necessary.}) 29. Bxb2 Nc6 30. b5 $1 {[%cal Rb5c6]} Ncxe5 31. Qh2 Nxg4 32. Qh7+ Kf8 33. Ba3+ Nc5 34. dxc5 bxc5 35. Rc1 Rxc1+ 36. Bxc1 Nxe3 37. Bxe3 d4 38. Bc1 Qe7 $2 (38... Qd8 {was worth a try.} 39. Qh4 Qd5) 39. a5 d3 40. b6 axb6 41. axb6 Qb7 {[#]} 42. Nxe6+ $1 {[%mdl 512]} fxe6 43. Bh6 {Qh8+ would kill now.} Ke8 44. Qg8+ Kd7 45. Qxg7+ {[%mdl 64] Double Attack} Kc6 {Hoping for ...Qxg7.} 46. Qxg6 ({White should try} 46. Qc3 $18) 46... Qd7 $16 47. Be3 Kxb6 48. Kf1 Qd5 49. Qh7 (49. Ke1 $16) 49... Kb5 {[#]} (49... Qc4 $11 {keeps the balance.} 50. Kg2 Ka5) 50. Qh8 (50. Ke1 $1 $16) 50... c4 $2 {[#]} (50... Qb3 $11) 51. Ke1 $1 Qf3 $2 {[%mdl 8192]} (51... Qd6 $16) 52. Qb2+ $18 Ka4 53. Qa2+ $2 (53. Kd2 $18 {aiming for Kc3.} Qe2+ 54. Kc3 Qxb2+ 55. Kxb2) 53... Kb5 54. Qb2+ (54. Qb1+ $1 $14 Ka4 55. Qa2+ Kb5 56. Qb2+ Kc6 57. Kd2) 54... Kc6 $2 {[%mdl 8192]} (54... Ka4 $11 {and Black stays safe.}) 55. Kd2 Qg4 (55... Qd5 $18 56. Qb6+ Kd7) 56. Qb6+ Kd7 57. Qd4+ {[%mdl 32768] Accuracy: White = 54%, Black = 40%. . An unexpected result.} 1/2-1/2

[Event "Grand Prix Jerusalem 2019"]
[Site "Jerusalem"]
[Date "2019.12.16"]
[Round "2.4"]
[White "Nepomniachtchi, Ian"]
[Black "So, Wesley"]
[Result "1-0"]
[WhiteElo "2767"]
[BlackElo "2760"]
[Annotator "TA"]
[PlyCount "129"]
[EventDate "2019.12.11"]
[EventType "k.o."]
[EventCountry "ISR"]
[SourceTitle "playchess.com"]
[Source "ChessBase"]
[SourceQuality "1"]

{[%evp 19,129,17,25,43,19,6,14,6,5,10,11,0,22,12,5,0,2,-22,9,7,6,14,12,0,79,64,70,79,75,72,83,78,80,77,70,70,70,70,70,70,70,70,70,72,70,45,41,44,62,42,58,17,27,25,29,21,161,161,161,0,161,156,122,136,155,161,161,154,152,129,248,154,275,275,261,277,276,276,405,380,524,491,1052,1052,1030,1044,1029,1000,1000,857,720,604,29951,29940,29946,1981,7759,12459,7759,5809,29974,29976,29979,29980,29980,29981,29984,29985,29984,29985,29985,29985]} 1. e4 e5 2. Nf3 Nc6 3. Bb5 a6 4. Ba4 Nf6 5. O-O Be7 6. Re1 b5 7. Bb3 O-O 8. a4 b4 9. d4 d6 10. dxe5 Nxe5 11. Nbd2 {C88: Closed Ruy Lopez: Anti-Marshall Systems} Nxf3+ 12. Nxf3 Bb7 13. Qd3 {The position is equal.} (13. e5 Nd7 14. Bf4 Nc5 15. exd6 Bxd6 16. Bxd6 cxd6 17. Bd5 Bxd5 18. Qxd5 Ne6 {½-½ (31) Le,Q (2708)-Aronian,L (2758) Khanty-Mansiysk 2019}) 13... Nd7 14. Be3 Bf6 15. Bd4 Bxd4 16. Qxd4 a5 17. h3 $146 ({Predecessor:} 17. Bd5 Bxd5 18. Qxd5 Nf6 19. Qc4 Re8 20. e5 dxe5 21. Rad1 Qe7 22. Rxe5 Qd6 23. Rxd6 {1-0 (23) Roelens,R-Remise,J France 1994}) 17... Re8 18. Re3 Qf6 19. Qc4 Nc5 {[%cal Re8e4]} 20. e5 Qg6 21. Ba2 (21. Rae1 {is interesting.} Bxf3 22. Rxf3 Nxb3 23. Rxb3 dxe5 24. Rbe3) 21... Bxf3 (21... Rad8 $11 {remains equal.}) 22. Rxf3 $16 {[%cal Rc4f7]} Rxe5 23. Rxf7 d5 24. Qxc5 Qxf7 {[#]} 25. f4 $1 {[%cal Rf4e5][%mdl 512]} Qxf4 {Threatens to win with ...Rf8.} 26. Bxd5+ {[%mdl 64] Double Attack} Kh8 27. Rf1 {[#]} Rxd5 $1 {[%mdl 512]} 28. Qxd5 $14 {[%mdl 4096] Endgame KQR-KQR} (28. Rxf4 $2 Rxc5 29. Rf2 Re8 $19) 28... Qe3+ 29. Kh2 Qe8 $1 30. Rf5 $40 {[%mdl 128] White has some attack.} h6 31. Re5 Qf8 32. Qe4 c6 33. Re6 Rc8 34. Qe5 {And now Rxh6+ would win.} Kh7 35. Re7 Rd8 36. Qe4+ Kh8 37. b3 Rd4 (37... c5 $11) 38. Re8 $1 $18 {[%cal Re8f8]} (38. Qxd4 Qxe7 39. h4 c5 $11) 38... Rxe4 39. Rxf8+ {KR-KR} Kh7 40. Rf5 Re2 41. Rc5 $1 ({Much weaker is} 41. Rxa5 $6 Rxc2 42. Ra6 Rc3 $11) 41... Kg6 42. Rxc6+ Kf5 43. Kg3 Rd2 44. Kf3 g5 (44... Ke5 $16 45. h4 Kd4) 45. g3 (45. Rxh6 Rxc2 46. Ra6 Rc5 $14) 45... Rh2 (45... Ke5 $16 {keeps fighting.} 46. h4 (46. Rxh6 Rxc2 47. Rh5 Kd4 $11) 46... Rh2) 46. Rc5+ ({Not} 46. Rxh6 Rxc2 47. Rh5 Rc3+ 48. Kg2 Kg6 $11) 46... Kg6 47. Rxa5 Rxc2 {[#]} 48. Re5 $1 Rb2 (48... Rc3+ {was worth a try.} 49. Re3 Rc5) 49. Re3 h5 50. g4 hxg4+ (50... Rd2 $142 51. gxh5+ Kxh5) 51. hxg4 Kf6 {[#]} 52. Ke4 $1 {[%cal Re4d5]} Rg2 53. Kd5 Rxg4 54. a5 {[%cal Ba4a5,Ba5a6][%mdl 32]} Rg1 55. Kc5 g4 {Now ...Rc1+ and Black clings on.} 56. a6 Rh1 57. Re8 (57. a7 $142 Rh8 58. Re2 Kf5 59. Ra2 Ra8 60. Kc6 Ke4 61. Kb7 Rh8 62. a8=Q Rxa8 63. Rxa8) 57... Rh5+ 58. Kxb4 {Intending a7 and mate.} Rh7 59. Rg8 Kf5 60. Ka5 {White mates.} Kf4 61. b4 {[%cal Bb3b4,Bb4b5,Bb5b6][%mdl 32]} g3 62. b5 Kf3 63. b6 Rh5+ 64. Ka4 Rh4+ 65. Ka3 {Accuracy: White = 71%, Black = 43%.} 1-0

[Event "Grand Prix Jerusalem 2019"]
[Site "Jerusalem"]
[Date "2019.12.16"]
[Round "2.4"]
[White "Karjakin, Sergey"]
[Black "Wei, Yi"]
[Result "1-0"]
[WhiteElo "2754"]
[BlackElo "2725"]
[Annotator "TA"]
[PlyCount "63"]
[EventDate "2019.12.11"]
[EventType "k.o."]
[EventCountry "ISR"]
[SourceTitle "playchess.com"]
[Source "ChessBase"]
[SourceQuality "1"]

{[%evp 9,63,17,17,11,16,7,25,31,30,0,0,-35,-35,-32,-26,-43,0,-82,76,52,128,119,128,122,110,4,20,21,14,25,30,37,29,21,23,0,0,-58,44,43,255,248,447,207,209,205,209,231,543,559,5406,5389,29991,29992,29992,29993]} 1. e4 c6 2. d4 d5 3. e5 c5 4. dxc5 e6 5. a3 (5. Bd3 Bxc5 6. Qg4 Ne7 7. b4 h5 8. Qf4 Bb6 9. Nf3 Nbc6 10. Nbd2 a5 11. b5 Nb4 12. Ba3 Nxd3+ 13. cxd3 {1-0 (25) Dominguez Perez,L (2760)-Nepomniachtchi,I (2775) Dortmund 2019}) 5... Bxc5 6. Qg4 {B12: Caro-Kann: Advance Variation} Ne7 7. Bd3 O-O 8. Nf3 {And now Bxh7+! would win.White has an edge.} f5 9. exf6 $146 ({Predecessor:} 9. Qg3 Nbc6 10. O-O Ng6 11. b4 Be7 12. Bb2 a6 {1-0 (43) Tari,A (2615)-Sadzikowski,D (2523) Reykjavik 2019}) 9... Rxf6 10. Qh4 h6 $1 11. O-O Nbc6 12. c4 Qf8 13. Nc3 {[#]} (13. Qh5 $11) 13... Ng6 $2 (13... Rxf3 $1 $17 {stays on course.} 14. gxf3 Ne5) 14. Qh5 $16 {[%mdl 64] Double Attack} Nge5 (14... Nce5 $14 15. Bxg6 Nxg6) 15. Nxe5 Rxf2 {[%csl Gf8][%cal Rf2f1]} 16. Be3 $1 {[%cal Re3c5]} Bxe3 {[%csl Gf8][%cal Rf2f1]} 17. Rxf2 (17. Kh1 $16 Nxe5 18. Qxe5) 17... Bxf2+ (17... Qxf2+ $2 {loses.} 18. Kh1 $18) 18. Kh1 Nxe5 19. Qxe5 Qf6 20. Qe2 {aiming for Rf1.} dxc4 21. Bc2 {Threatens to win with Rf1.} Qh4 $1 22. Ne4 Bd4 ({Black should play} 22... Bb6 $11) 23. Rd1 $15 Bxb2 ({Better is} 23... Be5 $15 24. g3 Qe7) 24. Nd6 $14 e5 $2 (24... Bd7 $1 $14) 25. Nxc4 $40 {[%mdl 128] White wants a kill.} Bd4 $2 (25... Be6 {was called for.} 26. Nxb2 Rf8 27. Qxe5 Qf6 28. Qxf6 gxf6) 26. Qd3 (26. Nxe5 $142 {Intending Qc4+ and mate.} Qf6 27. Qc4+ Be6 28. Qxd4) 26... Qf6 ({But not} 26... Be6 $2 27. Qh7+ Kf7 28. Rf1+ Bf2 29. Qg6+ Kf8 30. Qxe6 $18) 27. Qh7+ {[%mdl 1024] White has strong compensation.} Kf7 28. Bd3 {Hoping for Rf1!} Ke7 $2 (28... Be6 {is tougher.} 29. Rf1 Bf2) 29. Rf1 Qg5 {White should prevent ...Bd7.} 30. Bg6 ({Weaker is} 30. Qg8 Qxg2+ 31. Kxg2 Bh3+ 32. Kxh3 Rxg8 $16) 30... e4 {[#]} 31. Rf7+ $1 Ke6 {[#]} 32. Qg8 $1 {[%mdl 512] Accuracy: White = 66%, Black = 28%.} 1-0